000 01543nam a2200373 c 4500
003 BLK
005 20180420230749.0
008 180409b bul|||||r ||||||| ||bul||
010 _aKNG00117100000
020 _a954-680-294-8
_bиздат.: Унив. изд. Неофит Рилски
040 _aBLK
041 _aBUL
_cBUL
080 _aЖивопис
_b75
_x(072)
_z75(072)
100 1 _aКуков, Емил Илиев
_eпърви автор
_9311550
139 _aКуков, Емил Илиев
_bК 93
245 1 0 _aЖивопис, обучение и творчество
_cЕмил Илиев Куков.
246 1 1 _aPaiting Education and Creation
257 _aBGR
260 Благоевград
_bУнив. изд. Неофит Рилски
_c2003
_fБлагоевград : Ираник-М
300 _a137 с.
_bс ил.
_c24 см
380 _a7
500 _aБиблиогр. с. 135-136 ; Рез. на англ. ез. Одобрено с протокол № 56/4.04.2003 г. на МОН
650 4 _aЖивопис - методика на преподаването - за ВУЗ
_9311551
653 _aживопис
653 _aметодика на преподаването
653 _aпортрети
653 _aнатюрморт
720 _aEmil Kukov
_eпаралелен автор
852 _aЦб 222335
856 4 _qpdf
_u
856 4 _qpdf
_u
942 _cKNG
_n0
944 _aCR
_c24.01.2005
_lф /
_kПенка_Димитрова
944 _aED
_c18.11.2014
_lф /
_kЛюдмила_Стоянова
999 _c111750
_d111750